| 000 | 00935cam a22002891 4500 | ||
|---|---|---|---|
| 001 | 28980 | ||
| 003 | BD-RjUL | ||
| 005 | 20211209051345.0 | ||
| 008 | 140401s1956 maua 001 0 eng | ||
| 035 | _a(BD-RjUL)29064 | ||
| 040 |
_aDLC _cDLC _dDLC _beng |
||
| 041 | _aeng | ||
| 082 | 0 | 0 |
_a150 _bSHP 1956 |
| 100 | 1 |
_aShaffer, Laurance Frederic, _d1903- _988525 |
|
| 245 | 1 | 4 |
_aThe psychology of adjustment: _ba dynamic and experimental approach to personality and mental hygiene _cLaurance Frederic Shaffer [and] Edward Joseph Shoben. Jr. |
| 250 | _a2d ed. | ||
| 260 |
_aBoston : _bHoughton Mifflin, _c1956 |
||
| 300 |
_a672 p. : _bill. ; _c23 cm. |
||
| 504 | _aIncludes index | ||
| 650 | 0 |
_aAdjustment (Psychology) _93962 |
|
| 650 | 0 |
_aPersonality. _988526 |
|
| 650 | 0 |
_aMental health. _988527 |
|
| 700 | 1 |
_aShoben, Edward Joseph, _ejoint author. _988528 |
|
| 942 |
_2ddc _cBK |
||
| 999 |
_c28980 _d28980 |
||